000 00930nam a2200277 i 4500
001 bg
003 BPK
005 20191007104418.0
008 961212s1994 pl f f |000 0 pol
020 _a8301108517
040 _cBPK
041 _apol
080 _a532
080 _a(075.8)
100 1 _aBurka, Eustachy S.
_d(1924- ).
245 1 0 _aMechanika płynów w przykładach :
_bteoria, zadania, rozwiązania /
_cEustachy S. Burka, Tomasz J. Nałęcz.
260 _aWarszawa :
_bWydaw. Naukowe PWN,
_c1994.
300 _a394, [6] s. :
_brys., wykr. ;
_c24 cm.
504 _aBibliogr. s. 400.
655 4 _aPodręczniki akademickie
650 4 _aMechanika płynów
700 1 _aNałęcz, Tomasz J.
_d(1947-2009).
710 2 _aWydawnictwo Naukowe PWN
_4pbl.
856 _uhttp://koha.tu.koszalin.pl/cgi-bin/koha/opac-detail.pl?biblionumber=6496
_yKatalog online BPK
942 _cKS
_2UKD
999 _c6496
_d6496